000 00672nam a22002417a 4500
003 UA-OsUOA
001 91862
007 ta
008 20121206b un ||||| |||| 00| 0 ukr d
100 _aФедорів Р.
090 _a821.161.2
_bФ66
942 _cBK
040 _aUA-OsUOA
_bukr
_cUA-OsUOA
_dUA-OsUOA
245 _aЖбан вина. Кам'яне поле
_bповість у легендах, роман
300 _a549 с.
955 _a3
041 _aukr
080 _a821.161.2
260 _aЛьвів
_bКаменяр
_c1988
044 _aUA
650 7 _a82 Література. Літературознавство
_2UDC
999 _c378118
_d378118